| 000 | 00921nam a22002297a 4500 | ||
|---|---|---|---|
| 999 |
_c10971 _d10971 |
||
| 003 | AR-CdUCM | ||
| 008 | 190402b ||||| |||| 00| 0 spa d | ||
| 040 |
_aMUNICIPALIDAD PROVINCIAL DEL CUSCO _cBIBLIOTECA MUNICIPAL DEL CUSCO |
||
| 082 |
_aES / 985.05 / _bP34 |
||
| 100 |
_aPease G. Y., Franklin _91834 |
||
| 245 |
_aPerú Hombre e historia : _bLa república / |
||
| 260 |
_aLima : _bEditorial Desa, _c1993. |
||
| 300 |
_a382 páginas; _bFotografías, _c26 cm. |
||
| 500 | _aFundación del banco continental para el fomento de la educación y la cultura | ||
| 505 | _aContenido: Las modificaciones del espacio peruano durante la república -- la población republicana -- La visión del Perú -- La organización política y sus problemas... | ||
| 650 |
_aRepublica _9831 |
||
| 650 |
_aJorge Basadre _9200 |
||
| 650 |
_aHistoria peruana _91316 |
||
| 700 |
_aEdubanco _928060 |
||
| 942 |
_2ddc _cLIBROS |
||
| 945 | _adavv | ||